Statistics for Word Chain - Africa

Click here to take the quiz!

General Stats

  • This quiz has been taken 17,592 times
  • The average score is 15 of 22

Answer Stats

Hint Answer % Correct
Democratic _______ of the CongoRepublic
100%
Biggest city in EgyptCairo
99%
Largest island considered part of AfricaMadagascar
98%
Africa's largest desertSahara
94%
Largest waterfall on the Zambezi river:
________ Falls
Victoria
86%
Virus affecting more than 15%
of adults in South Africa
HIV
82%
River with blue and white tributariesNile
76%
Chief export of AngolaOil
74%
Country of over 100 million
people, since 2016
Ethiopia
74%
Largest urban area by populationLagos
73%
Africa's most-spoken languageArabic
71%
Lingua franca of Tanzania,
Kenya, and Uganda
Swahili
68%
Country that colonized LibyaItaly
68%
Ant-eating mammal that comes
first in the dictionary
Aardvark
68%
Africa's largest birdOstrich
67%
Africa's second largest desertKalahari
59%
Staple crop of NigeriaYam
45%
British colonialist: Cecil ______Rhodes
43%
Region of Sudan struck by ethnic violenceDarfur
41%
Desert lake that has shrunk by 90%Chad
38%
Largest city of the Ivory CoastAbidjan
31%
One of Nigeria's major languagesIgbo
30%

Score Distribution

Percentile by Number Answered

Percent of People with Each Score

Your Score History

You have not taken this quiz